|
|
|
|
| LEADER |
00687cam a2200217ua 4500 |
| 001 |
11368 |
| 005 |
20150705131228.0 |
| 007 |
ta |
| 008 |
070713s g b000 u eng u |
| 020 |
|
|
|a 0-7069-9953-3
|c Rs.125.00
|
| 041 |
1 |
|
|a eng
|
| 082 |
1 |
4 |
|a 346.065
|b KUC/B
|
| 100 |
1 |
|
|a Kuchhal, M C .
|
| 245 |
1 |
0 |
|a Business law /
|c M C Kuchhal.
|h Textual Documents
|
| 260 |
|
|
|a New Delhi :
|b Vikas Publishing House ,
|c 2005.
|
| 300 |
|
|
|a 540p ;
|
| 365 |
|
|
|a Rs.125.00
|
| 541 |
|
|
|e MB01535
|h Rs.125.00
|
| 650 |
|
0 |
|a Business law
|
| 999 |
|
|
|c 34560
|d 34560
|
| 952 |
|
|
|0 0
|1 4
|4 0
|6 346_065000000000000_KUC_B
|7 1
|9 44267
|a KU
|b KU
|d 2015-07-05
|l 2
|o 346.065 KUC/B
|p MB01535
|r 2016-01-20
|s 2015-12-16
|w 2015-07-05
|y BK
|